| 000 | 00838cam a22002537i 4500 | ||
|---|---|---|---|
| 001 | a4794960 | ||
| 003 | CO-ViMGA | ||
| 005 | 20230915234538.0 | ||
| 008 | 100720s2010 sp a | |||| 000 1 spa | ||
| 020 | _a9789978809563 | ||
| 040 |
_aCO-ViMGA _bspa _cCO-ViMGA |
||
| 041 | 1 | _heng | |
| 082 | 0 | 4 |
_a823 _bD41c |
| 100 | 1 |
_aDickens, Charles _d1812-1870 _99560 |
|
| 240 | 1 | 2 |
_aA Christmas carol _lEspañol |
| 245 | 1 | 0 |
_aCanción de Navidad / _h[Texto impreso] _cCharles Dickens ; traducción y notas, Santiago R. Santerbs ; presentación y apéndice, Luis Rafael ; ilustración, Enrique Flores |
| 250 | _a1® ed. | ||
| 260 |
_aMadrid : _bAnaya, _c2010. |
||
| 300 |
_a156 p. _bil. _c20 cm. |
||
| 490 | 0 |
_aTus libros. Selección _v60 |
|
| 700 | 1 |
_aFlores, Enrique _d1967- _99562 |
|
| 700 | 1 |
_aSanterbs, Santiago R. _d1937- _99561 |
|
| 942 |
_2ddc _cBK |
||
| 999 |
_c3630 _d3630 |
||